000
00285nam a2200133Ia 4500
100
_a
Lang/Paul/V.
942
_c
BK
654
_a
Air
245
_a
Principles of Air Conditioning
260
_b
Taraporevala Sons & Co
_c
2001
082
_a
697.93
300
_a
348
546
_a
ENGLISH
999
_c
29451
_d
29451